000
00297nam a2200133Ia 4500
005
20260328104304.0
008
260328s9999||||xx |||||||||||||| ||und||
100
_a
Harris, Robert
245
0
_a
Pompeya /
_c
Robert Harris
260
_b
Best
300
_a
313 p.
650
_a
HISTORIA
942
_c
BK
999
_c
10690
_d
10690